| 000 | 00853nam a2200217Ia 4500 | ||
|---|---|---|---|
| 999 |
_c37476 _d37476 |
||
| 001 | 3437 | ||
| 003 | GE_BSU | ||
| 005 | 20221028122227.0 | ||
| 008 | 181216s1989ru xx |||||||||||||| ||rus|| | ||
| 040 | _cGE_BSU | ||
| 041 | _arus | ||
| 080 | _a634.32(479.223) Д-40 | ||
| 100 |
_aДжабнидзе, Резо. _915626 |
||
| 245 |
_aАгротехника маточных деревьев мандаринов / _cРезо Джабнидзе, Ред. Э. Николадзе. |
||
| 264 |
_aБатуми : _bАджара, _c1989. |
||
| 300 |
_a139 с. : _b19 см. |
||
| 653 | _aАгротехника маточных деревьев мандаринов. | ||
| 653 | _aმანდარინის ხეების აგროტექნიკა. | ||
| 700 |
_aНиколадзе, Э _eრედაქტორი _915627 |
||
| 942 |
_cBK _2udc |
||